| 000 | 01408cad a22002055a 4500 | ||
|---|---|---|---|
| 001 | L156410 | ||
| 008 | 120518s2012 xxk 000 0 eng d | ||
| 035 | _a(Sirsi) u156410 | ||
| 041 | 0 | _aeng | |
| 110 | 2 |
_aColliers International _95548 |
|
| 245 | 0 | 0 |
_aEuropean industrial and logistics _ba long-term view _h[electronic resource] |
| 260 |
_a[S.l.] _bColliers International _c2012 |
||
| 490 | 0 |
_aColliers International European Industrial and Logistics White Paper _vNo 1 April 2012 |
|
| 520 | _aThe first of six papers on Europe's industrial and logistics markets concentrates on the macroeconomic trends which are expected to impact on the market over the next decade and beyond. Growing trade with Asia, in particular China and India, will drive new supply chains and infrastructure. New centres of consumption and production are emerging. Turkey has a key role in growing sea and rail freight between Europe and Asia. With Eastern Europe forecast to see strong economic growth the pressure is on for the infrastructure to help make this happen. Internally increased economic scale in Eastern Europe and externally increased scale in Asia will be the crucial drivers of change in these markets. | ||
| 590 | _aNTK KA | ||
| 651 | 4 | _aEurope | |
| 690 |
_aCommercial property _96227 |
||
| 856 | 4 | 0 |
_uhttps://dsg.colliers.com/document.aspx?report=2889.pdf _zView the white paper at dsg.colliers.com |
| 942 | _n0 | ||
| 999 |
_c83997 _d83997 |
||